Score 0/20 Timer 03:00
0 Plays Today
Clue Missing Word % Correct
God Bless _______America
95.6%
Anything You Can Do (I Can Do ______)Better
93.7%
I'm Putting All My ____ in One BasketEggs
92.5%
_____ ChristmasWhite
91%
_____ to CheekCheek
91%
There's No Business Like ____ BusinessShow
90.5%
Oh! How I Hate to Get Up in the _______Morning
90.1%
____ SkiesBlue
86.5%
Puttin' on the ____Ritz
83.2%
A Pretty ____ Is Like a MelodyGirl
82.7%
Clue Missing Word % Correct
___ Hat, White Tie and TailsTop
81.2%
I've Got My Love to Keep Me ____Warm
75.9%
How Deep Is the _____?Ocean
73.4%
Steppin' Out with My ____Baby
54.8%
Easter ______Parade
54.8%
Alexander's _______ BandRagtime
53.8%
Not for All the ____ in ChinaRice
32.6%
You Can't Get a Man with a ___Gun
31.5%
_____ HolidayHappy
27%
This Is the ____, Mr. JonesArmy
22.1%

Today's Daily Dose

Remove Ads.
Support Sporcle.
Get the best of Sporcle when you Go Orange. This ad-free experience offers more features, more stats, and more fun while also helping to support Sporcle. Thank you for becoming a member.

You're not logged in!

Compare scores with friends on all Sporcle quizzes.
OR
Log In

Show Comments

Extras

Top Quizzes Today


Score Distribution

Your Account Isn't Verified!

In order to create a playlist on Sporcle, you need to verify the email address you used during registration. Go to your Sporcle Settings to finish the process.

Report this User

Report this user for behavior that violates our Community Guidelines.

Details: